Is there a future for regional government? (Record no. 106799)
[ view plain ]
| 000 -LEADER | |
|---|---|
| fixed length control field | 01274cad a22002055a 4500 |
| 001 - CONTROL NUMBER | |
| control field | L137497 |
| 008 - FIXED-LENGTH DATA ELEMENTS--GENERAL INFORMATION | |
| fixed length control field | 070411e20070305xxk f f000 0 eng d |
| 035 ## - SYSTEM CONTROL NUMBER | |
| System control number | (Sirsi) u137497 |
| 041 0# - LANGUAGE CODE | |
| Language code of text/sound track or separate title | eng |
| 050 04 - LIBRARY OF CONGRESS CALL NUMBER | |
| Classification number | 352.007 $2 18 |
| 110 1# - MAIN ENTRY--CORPORATE NAME | |
| Corporate name or jurisdiction name as entry element | United Kingdom |
| Subordinate unit | House of Commons |
| -- | Communities and Local Government Committee |
| 9 (RLIN) | 5160 |
| 245 00 - TITLE STATEMENT | |
| Title | Is there a future for regional government? |
| Remainder of title | fourth report of session 2006-07 |
| -- | olume I |
| Remainder of title | report |
| -- | Volume II |
| -- | oral and supplementary written evidence |
| Medium | [electronic resource] |
| 260 ## - PUBLICATION, DISTRIBUTION, ETC. | |
| Place of publication, distribution, etc. | London |
| Name of publisher, distributor, etc. | The Stationery Office Limited |
| Date of publication, distribution, etc. | 2007 |
| 490 #0 - SERIES STATEMENT | |
| Series statement | HC 352-I |
| -- | HC 352-II |
| -- | [Incorporating HC 977-i to HC 977-viii, session 2005-06] |
| 520 ## - SUMMARY, ETC. | |
| Summary, etc. | Voters in the North East of England rejected the chance of a regional assembly in a referendum in 2004 leaving doubts about the future direction of UK government regional policy. The Committee sought to probe these doubts by asking two major questions: how does the current system of regional governance actually work?; what role would city regions play in the future development of regional policy? |
| 590 ## - LOCAL NOTE (RLIN) | |
| Local note | KA |
| 651 #4 - SUBJECT ADDED ENTRY--GEOGRAPHIC NAME | |
| Geographic name | England |
| Chronological subdivision | 886- |
| 856 40 - ELECTRONIC LOCATION AND ACCESS | |
| Uniform Resource Identifier | <a href="https://www.publications.parliament.uk/pa/cm/cmcomloc.htm">https://www.publications.parliament.uk/pa/cm/cmcomloc.htm</a> |
| Public note | View the item free of charge at www.publications.parliament.uk... |
| 942 ## - ADDED ENTRY ELEMENTS (KOHA) | |
| Suppress in OPAC | 0 |
| Withdrawn status | Lost status | Source of classification or shelving scheme | Damaged status | Not for loan | Home library | Current library | Shelving location | Date acquired | Total Checkouts | Full call number | Barcode | Date last seen | Copy number | Price effective from | Koha item type |
|---|---|---|---|---|---|---|---|---|---|---|---|---|---|---|---|
| Dewey Decimal Classification | Virtual | Virtual | Online | 11/04/2007 | L137497 | 137497-1001 | 06/08/2019 | 1 | 06/08/2019 | Book |